[Event "African Online-ch U20-Open 2021"]
[Site "Online"]
[Date "2021.02.01"]
[Round "3.4"]
[White "Vasco Mateus Felizardo Viageir"]
[Black "Selogelo Othata"]
[Result "1-0"]
[WhiteElo "1862"]
[BlackElo "1725"]
[Annotator "NA RC"]
[PlyCount "105"]
[EventDate "2021.02.01"]
[EventType "swiss"]
[EventCountry "NET"]
[SourceTitle "playchess.com"]
[Source "ChessBase"]
[SourceQuality "1"]
[TimeControl "1500+10"]

1. e4 {[%emt 0:00:00]} c5 {[%emt 0:00:14]} 2. Nf3 {[%emt 0:00:04]} e6 {[%emt 0:00:10]} 3. d4 {[%emt 0:00:18]} cxd4 {[%emt 0:00:07]} 4. Nxd4 {[%emt 0:00:03]} Nf6 {[%emt 0:00:07]} 5. Bd3 {[%emt 0:00:03]} Be7 {[%emt 0:00:49]} 6. O-O {[%emt 0:00:05]} d6 {[%emt 0:00:03]} 7. Nc3 {[%emt 0:00:03]} a6 {[%emt 0:00:06]} 8. a4 {[%emt 0:00:10]} Qc7 {[%emt 0:00:14]} 9. Be3 {[%emt 0:00:08]} O-O {[%emt 0:00:05]} 10. Kh1 {[%emt 0:00:09]} Nbd7 {[%emt 0:00:06]} 11. f4 {[%emt 0:01:34]} Re8 {[%emt 0:00:18]} 12. f5 {[%emt 0:00:06]} e5 {[%emt 0:00:12]} 13. Nb3 {[%emt 0:00:09]} b6 {[%emt 0:00:36]} 14. g4 {[%emt 0:00:25]} h6 {[%emt 0:01:14]} 15. g5 {[%emt 0:00:20]} hxg5 {[%emt 0:00:04]} 16. Bxg5 {[%emt 0:00:03]} Bb7 {[%emt 0:00:05]} 17. Qf3 {[%emt 0:00:24]} Nh7 {[%emt 0:02:13]} (17... d5 $11 18. Bxf6 Nxf6) 18. Bxe7 {[%emt 0:00:04]} Rxe7 {[%emt 0:00:04]} 19. Rg1 {[%emt 0:00:03]} f6 {[%emt 0:02:22]} 20. Qe2 {[%emt 0:00:11]} Rc8 {[%emt 0:00:16]} 21. Bxa6 {[%emt 0:00:09]} Bxa6 {[%emt 0:00:27]} 22. Qxa6 {[%emt 0:00:03]} Qc4 {[%emt 0:00:53]} 23. Qxc4+ {[%emt 0:02:00]} Rxc4 {[%emt 0:00:03]} 24. Rad1 {[%emt 0:00:07]} Rc6 {[%emt 0:01:19]} 25. h4 {[%emt 0:01:48]} Ndf8 {[%emt 0:03:30]} 26. Rd5 {[%emt 0:00:47]} Kf7 {[%emt 0:00:50]} 27. Rd3 $18 {[%emt 0:02:28]} g5 {[%emt 0:01:06]} 28. fxg6+ {[%emt 0:00:17]} Nxg6 {[%emt 0:00:03]} 29. Rdg3 {[%emt 0:00:05]} Nf4 {[%emt 0:01:31]} 30. Rg7+ {[%emt 0:00:17]} Kf8 {[%emt 0:00:14]} 31. Rxe7 {[%emt 0:00:03]} Kxe7 {[%emt 0:00:04]} 32. Rg7+ {[%emt 0:00:01]} Ke6 {[%emt 0:00:05]} 33. Rxh7 {[%emt 0:00:04]} d5 {[%emt 0:00:08]} 34. exd5+ {[%emt 0:00:10]} Nxd5 {[%emt 0:00:04]} 35. Nxd5 {[%emt 0:00:15]} Kxd5 {[%emt 0:00:03]} 36. Rd7+ {[%emt 0:00:02]} Ke6 {[%emt 0:00:10]} 37. Rd2 {[%emt 0:00:03]} f5 {[%emt 0:00:13]} 38. h5 {[%emt 0:00:06]} f4 {[%emt 0:00:09]} 39. h6 {[%emt 0:00:10]} Kf5 {[%emt 0:00:03]} 40. h7 {[%emt 0:00:11]} Rc8 {[%emt 0:00:09]} 41. Rh2 {[%emt 0:00:03]} Rh8 {[%emt 0:00:03]} 42. Kg2 {[%emt 0:00:01]} Kg4 {[%emt 0:00:11]} 43. Nd2 {[%emt 0:00:03]} f3+ {[%emt 0:01:14]} 44. Nxf3 {[%emt 0:00:04]} Kf4 {[%emt 0:00:02]} 45. Kf2 {[%emt 0:00:04]} e4 {[%emt 0:00:04]} 46. Rh4+ {[%emt 0:00:03]} Kf5 {[%emt 0:00:04]} 47. Nd2 {[%emt 0:00:03]} Kg5 {[%emt 0:00:13]} 48. Rh1 {[%emt 0:00:03]} Kf4 {[%emt 0:00:09]} 49. Ke2 {[%emt 0:00:02]} e3 {[%emt 0:00:31]} 50. Nc4 {[%emt 0:00:03]} Kg5 {[%emt 0:00:10]} 51. Nxb6 {[%emt 0:00:07]} Kg6 {[%emt 0:00:05]} 52. a5 {[%emt 0:00:02]} Kf7 {[%emt 0:00:50]} 53. a6 {[%emt 0:00:04]} 1-0

[Event "African Online-ch U20-Open 2021"]
[Site "Online"]
[Date "2021.02.01"]
[Round "3.5"]
[White "Joao Farisse"]
[Black "Mohamed Abderrahim, Taleb Mohamed"]
[Result "0-1"]
[WhiteElo "1574"]
[BlackElo "1799"]
[Annotator "NA RC"]
[PlyCount "174"]
[EventDate "2021.02.01"]
[EventType "swiss"]
[EventCountry "NET"]
[SourceTitle "playchess.com"]
[Source "ChessBase"]
[SourceQuality "1"]
[TimeControl "1500+10"]

1. c4 {[%emt 0:00:00]} e5 {[%emt 0:00:05]} 2. Nc3 {[%emt 0:00:06]} Nf6 {[%emt 0:00:03]} 3. Nf3 {[%emt 0:00:04]} Nc6 {[%emt 0:00:03]} 4. g3 {[%emt 0:00:09]} d5 {[%emt 0:00:03]} 5. cxd5 {[%emt 0:00:05]} Nxd5 {[%emt 0:00:03]} 6. Bg2 {[%emt 0:00:51]} Nb6 {[%emt 0:00:05]} 7. a4 {[%emt 0:00:20]} a5 {[%emt 0:00:09]} 8. O-O {[%emt 0:00:16]} Be7 {[%emt 0:00:11]} 9. d3 {[%emt 0:00:12]} O-O {[%emt 0:00:05]} 10. Bd2 {[%emt 0:00:37]} Be6 {[%emt 0:00:05]} 11. Rc1 {[%emt 0:00:35]} Nd5 {[%emt 0:00:11]} 12. Nxd5 {[%emt 0:00:19]} Bxd5 {[%emt 0:00:04]} 13. Bc3 {[%emt 0:00:54]} Bf6 {[%emt 0:00:21]} 14. h4 {[%emt 0:01:08]} h6 {[%emt 0:00:40]} 15. Qc2 {[%emt 0:01:07]} Qd7 {[%emt 0:00:36]} 16. Kh2 {[%emt 0:01:07]} Rad8 {[%emt 0:00:28]} 17. Rb1 {[%emt 0:00:41]} Rfe8 {[%emt 0:00:15]} 18. Bh3 {[%emt 0:00:53]} Qd6 {[%emt 0:00:32]} 19. Nd2 {[%emt 0:00:32]} Nd4 {[%emt 0:00:51]} 20. Qd1 {[%emt 0:01:13]} b6 {[%emt 0:03:13]} 21. Bg2 {[%emt 0:01:31]} Bxg2 {[%emt 0:00:28]} 22. Kxg2 {[%emt 0:00:05]} Qd5+ {[%emt 0:01:25]} 23. Kh2 {[%emt 0:00:21]} g6 {[%emt 0:00:19]} 24. Ne4 {[%emt 0:00:41]} Bg7 {[%emt 0:00:05]} 25. Bxd4 {[%emt 0:01:27]} exd4 {[%emt 0:00:14]} 26. b4 {[%emt 0:00:30]} f5 {[%emt 0:01:00]} 27. Nd2 {[%emt 0:00:16]} axb4 {[%emt 0:00:07]} 28. Rxb4 {[%emt 0:00:08]} Qe6 {[%emt 0:00:12]} 29. Re1 {[%emt 0:00:32]} c5 {[%emt 0:00:52]} 30. Rb2 {[%emt 0:00:07]} f4 {[%emt 0:01:17]} 31. Qb3 {[%emt 0:00:16]} Qxb3 {[%emt 0:00:36]} 32. Rxb3 {[%emt 0:00:11]} fxg3+ {[%emt 0:00:20]} 33. fxg3 {[%emt 0:00:03]} Rd6 {[%emt 0:00:36]} 34. Ne4 {[%emt 0:00:38]} Rc6 {[%emt 0:00:15]} 35. Reb1 {[%emt 0:00:12]} Ree6 {[%emt 0:00:15]} 36. Rf1 {[%emt 0:01:35]} c4 {[%emt 0:00:13]} 37. Rb5 {[%emt 0:00:50]} c3 {[%emt 0:00:27]} 38. Kg2 {[%emt 0:00:41]} h5 {[%emt 0:01:25]} 39. Rd5 {[%emt 0:00:50]} Rxe4 {[%emt 0:01:21]} 40. dxe4 {[%emt 0:00:14]} c2 {[%emt 0:00:04]} 41. Rd8+ {[%emt 0:00:22]} Kh7 {[%emt 0:00:04]} 42. Rc1 {[%emt 0:01:44]} Bh6 {[%emt 0:00:11]} 43. Rd7+ {[%emt 0:00:04]} Kg8 {[%emt 0:00:05]} 44. Rf1 {[%emt 0:00:25]} c1=Q {[%emt 0:00:42]} 45. Rd8+ {[%emt 0:00:15]} Kh7 {[%emt 0:00:20]} 46. Rxc1 {[%emt 0:00:16]} Bxc1 {[%emt 0:00:05]} 47. Rxd4 {[%emt 0:00:04]} Be3 {[%emt 0:00:08]} 48. Rd7+ {[%emt 0:00:14]} Kh6 {[%emt 0:00:04]} 49. Kf3 {[%emt 0:00:20]} Bc5 {[%emt 0:00:03]} 50. e5 {[%emt 0:00:18]} Re6 {[%emt 0:00:41]} 51. Ke4 {[%emt 0:00:04]} Re7 {[%emt 0:00:41]} 52. Rd3 {[%emt 0:00:40]} Kg7 {[%emt 0:00:21]} 53. Rd5 {[%emt 0:00:39]} Bf2 {[%emt 0:00:15]} 54. Rd3 {[%emt 0:00:16]} Bc5 {[%emt 0:00:18]} 55. Rd5 {[%emt 0:00:08]} Ra7 {[%emt 0:00:30]} 56. Rd3 {[%emt 0:00:42]} Rxa4+ {[%emt 0:00:22]} 57. Kd5 {[%emt 0:00:03]} Ra7 {[%emt 0:00:05]} 58. e6 {[%emt 0:00:29]} Ra3 {[%emt 0:00:24]} 59. Rd1 {[%emt 0:01:11]} Rxg3 {[%emt 0:00:09]} 60. Rf1 {[%emt 0:00:09]} Re3 {[%emt 0:00:18]} 61. Rf7+ {[%emt 0:00:09]} Kh6 {[%emt 0:00:04]} 62. Rf4 {[%emt 0:00:53]} Rxe2 {[%emt 0:00:07]} 63. Rf3 {[%emt 0:00:09]} Rh2 {[%emt 0:00:21]} 64. Rf4 {[%emt 0:00:13]} Be7 {[%emt 0:00:12]} 65. Rf7 {[%emt 0:00:20]} Bxh4 {[%emt 0:00:06]} 66. Rb7 {[%emt 0:00:03]} Re2 {[%emt 0:00:32]} 67. Rxb6 {[%emt 0:00:10]} Bf6 {[%emt 0:00:09]} 68. Rb3 {[%emt 0:00:38]} h4 {[%emt 0:00:07]} 69. Rf3 {[%emt 0:00:04]} Re5+ {[%emt 0:00:35]} 70. Kd6 {[%emt 0:00:16]} Rf5 {[%emt 0:00:06]} 71. Re3 {[%emt 0:00:17]} g5 {[%emt 0:00:08]} 72. e7 {[%emt 0:00:33]} Bxe7+ {[%emt 0:00:03]} 73. Kxe7 {[%emt 0:00:07]} Kh5 {[%emt 0:00:04]} 74. Ke6 {[%emt 0:00:05]} Rf1 {[%emt 0:00:03]} 75. Rb3 {[%emt 0:00:06]} Kg4 {[%emt 0:00:08]} 76. Rb4+ {[%emt 0:00:06]} Rf4 {[%emt 0:00:03]} 77. Rb5 {[%emt 0:00:03]} h3 {[%emt 0:00:03]} 78. Rb2 {[%emt 0:00:22]} Kg3 {[%emt 0:00:05]} 79. Ke5 {[%emt 0:00:05]} g4 {[%emt 0:00:08]} 80. Rd2 {[%emt 0:00:10]} Rf2 {[%emt 0:00:05]} 81. Rd3+ {[%emt 0:00:12]} Kg2 {[%emt 0:00:05]} 82. Ke4 {[%emt 0:00:15]} h2 {[%emt 0:00:18]} 83. Rd1 {[%emt 0:00:30]} h1=Q {[%emt 0:00:08]} 84. Rd4 {[%emt 0:00:12]} Kg3+ {[%emt 0:00:06]} 85. Ke5 {[%emt 0:00:10]} Qe1+ {[%emt 0:00:07]} 86. Kd5 {[%emt 0:00:04]} Rd2 {[%emt 0:00:02]} 87. Rxd2 {[%emt 0:00:05]} Qxd2+ {[%emt 0:00:03]} 0-1

[Event "African Online-ch U20-Open 2021"]
[Site "Online"]
[Date "2021.02.01"]
[Round "3.6"]
[White "Filipe, Marcio"]
[Black "Mena, Martin"]
[Result "1-0"]
[WhiteElo "1990"]
[BlackElo "1776"]
[Annotator "TA"]
[PlyCount "70"]
[EventDate "2021.02.01"]
[EventType "swiss"]
[EventCountry "NET"]
[SourceTitle "playchess.com"]
[Source "ChessBase"]
[SourceQuality "1"]

{[%evp 10,70,15,-10,13,16,14,8,36,27,36,36,31,33,50,41,51,49,54,47,47,0,0,0,238,249,250,242,385,218,490,237,321,185,461,283,1585,1552,1524,1494,2052,1142,29987,29988,29987,29988,29988,29975,29990,29989,29989,29990,29990,29991,29992,29993,29993,29994,29994,29994,29995,29994,29996]} 1. e4 c6 2. d4 d5 3. e5 Bf5 4. Bd3 Bxd3 5. Qxd3 e6 6. f4 Nd7 {B12: Caro-Kann: Advance Variation.} 7. Nf3 c5 8. c3 cxd4 {The position is equal.} 9. cxd4 Bb4+ 10. Nc3 Ne7 11. O-O {[#]} Rc8 $146 ({Predecessor:} 11... O-O 12. Be3 Rc8 13. g4 Bxc3 14. bxc3 f6 15. f5 fxe5 16. Nxe5 exf5 17. gxf5 Nf6 {0-1 (26) Petersen,A (1843)-Magnusson,A (1661) Reykjavik 2018}) 12. Bd2 Bxc3 13. Bxc3 O-O 14. g4 Qb6 15. f5 exf5 16. gxf5 Nc6 $2 {White now steadily converts the win.} (16... f6 $1 $11 17. e6 Ne5 18. Nxe5 fxe5) 17. Kh1 $18 Ne7 18. Rg1 Kh8 (18... Qa6 $142 19. Qxa6 bxa6) 19. Raf1 (19. Ng5 $142 Nf6 20. exf6 Qxf6 21. Raf1) 19... Qh6 (19... f6 20. Nh4 Rg8) 20. Bd2 (20. Bb4 $142) 20... Qh3 21. Bb4 (21. Qb5 $142 {Strongly threatening Ng5.} a6 22. Qxd7 Nxf5 23. Qxd5 Ng3+ 24. Rxg3 Qxf1+ 25. Rg1) 21... Rfe8 $2 (21... Nxf5 22. Bxf8 Nxf8) 22. Qb5 {[#] Black must now prevent Ng5.} Nb6 $2 ({But not} 22... Nxf5 $2 23. Ng5 $18) (22... f6 23. Qxd7 Nxf5) 23. Ng5 $1 {[%csl LRf7,LRh3]} Qh5 24. f6 Ng6 25. fxg7+ Kxg7 26. Rxf7+ {[%mdl 64] [#] Double Attack. White mates.} Kg8 27. Rxh7 Qxg5 28. Rxg5 Rc1+ 29. Rg1 Rxg1+ 30. Kxg1 Rc8 31. Rxb7 Rc1+ 32. Kf2 Rc2+ 33. Kg3 Rc8 34. Rxa7 Rb8 35. Bd6 Nd7 {Weighted Error Value: White=0.34/Black=0.57} 1-0

[Event "African Online-ch U20-Open 2021"]
[Site "Online"]
[Date "2021.02.01"]
[Round "3.7"]
[White "Brahami, Lamine"]
[Black "George Samir, David"]
[Result "1-0"]
[WhiteElo "2194"]
[BlackElo "1775"]
[Annotator "TA"]
[PlyCount "103"]
[EventDate "2021.02.01"]
[EventType "swiss"]
[EventCountry "NET"]
[SourceTitle "playchess.com"]
[Source "ChessBase"]
[SourceQuality "1"]

{[%evp 10,103,37,6,33,0,45,41,40,20,35,35,42,29,52,41,78,72,104,37,47,48,49,11,23,-16,42,48,117,32,479,387,426,316,343,327,811,553,589,548,879,825,766,641,612,555,519,539,525,462,444,445,463,408,579,564,579,575,570,569,551,543,656,643,657,645,613,604,12832,11369,12839,12839,12840,12840,12840,12839,12841,12842,12843,12843,12844,12844,12845,12845,12845,12845,12849,12849,12850,12850,12850,27998,27999,27999,27999,27999]} 1. d4 Nf6 2. c4 e6 3. Nf3 Bb4+ 4. Bd2 c5 5. e3 O-O 6. Bd3 b6 {E11: Bogo-Indian.} 7. O-O Bb7 8. Bxb4 cxb4 {White is slightly better.} 9. Nbd2 {[%cal Bb1d2,Bd2f1,Bf1g3][%mdl 32]} h6 {[#]} 10. e4 $146 ({Predecessor:} 10. Qa4 a5 11. a3 Na6 12. Rac1 d6 13. Bb1 Rc8 14. Rfd1 Qe7 15. Ne1 Bc6 16. Qb3 {½-½ (47) Sarana,A (2625)-Grigoriants,S (2543) Skopje 2019}) 10... d6 11. Re1 Nbd7 12. Nf1 e5 13. Ng3 g6 14. Rc1 (14. Qd2 $16) 14... Kg7 15. Qd2 a5 16. h4 Rc8 17. h5 Qc7 (17... Nxh5 $11 18. Nxh5+ gxh5) 18. Nh4 {[#] Intending Nhf5+! and mate.} Rh8 ({Don't go for} 18... Nxh5 $2 {[#]} 19. Nhf5+ $1 {[%mdl 512]} gxf5 20. Nxf5+ (20. Nxh5+ Kh7 $16) 20... Kg8 21. Qxh6 $18) (18... Kh7 $14) 19. f4 (19. a3 $16) 19... exd4 $2 {[%mdl 8192] Loses the game.} (19... Rhg8 $1 $14) 20. hxg6 $18 fxg6 21. e5 dxe5 22. Bxg6 Ng4 $2 (22... Qc5 23. Kh1 Kg8) 23. fxe5 Ndxe5 {And now ...d3 would win.} 24. Nh5+ Kf8 25. Rf1+ Kg8 26. Qf4 Nf3+ 27. Nxf3 Qxf4 28. Nxf4 Ne3 29. Rfe1 Bxf3 30. gxf3 Rc5 31. Nd5 Nxd5 (31... Kf8 $142 32. Nxe3 dxe3) 32. cxd5 {Strongly threatening Rxc5.} Kg7 33. Rxc5 bxc5 {[%mdl 4096] Endgame KRB-KR} 34. Bd3 Rd8 35. Re7+ Kf6 36. Re6+ Kg5 37. Rg6+ Kf4 38. Kf2 Rxd5 39. Rxh6 Ke5 40. Rh5+ Kd6 41. Rxd5+ Kxd5 {KB-KP} 42. b3 a4 43. Kg3 axb3 44. axb3 {KB-K3P} Ke5 45. Kg4 Kf6 46. Kf4 Ke6 47. Ke4 {f4 would kill now.} Kf6 48. Kd5 Kg5 49. Kxc5 Kf4 50. Kxb4 Kxf3 51. Kc4 Ke3 52. b4 {Weighted Error Value: White=0.37/Black=0.53} 1-0

[Event "African Online-ch U20-Open 2021"]
[Site "Online"]
[Date "2021.02.01"]
[Round "3.9"]
[White "Borges Delgado, Gabriel Jose"]
[Black "Ajili Rayen"]
[Result "1-0"]
[WhiteElo "2228"]
[BlackElo "1429"]
[Annotator "TA"]
[PlyCount "111"]
[EventDate "2021.02.01"]
[EventType "swiss"]
[EventCountry "NET"]
[SourceTitle "playchess.com"]
[Source "ChessBase"]
[SourceQuality "1"]

{[%evp 21,111,0,0,-11,-8,-18,-15,-78,-29,-121,-77,-89,13,0,0,-31,27,-36,38,41,41,18,25,28,50,7,18,6,15,28,20,6,31,0,26,33,33,40,67,38,44,40,97,40,36,25,57,10,14,0,74,54,52,47,60,53,60,60,67,34,71,71,80,80,99,99,407,406,403,402,400,366,342,306,529,513,808,760,1311,1257,1811,1816,1548,1470,1949,1803,4766,4480,5093,5608,2679,2519]} 1. e4 c5 2. Nf3 d6 3. d4 cxd4 4. Nxd4 Nf6 5. Nc3 a6 6. Bc4 Nbd7 7. Be3 Qc7 8. Bb3 Nc5 9. f3 e6 10. O-O Be7 11. Qd2 O-O 12. Rfd1 {[#] B86: Sicilian Scheveningen/Najdorf: 6 Bc4, without early ...b5.} Rd8 $146 ({Predecessor:} 12... b5 13. a3 Nxb3 14. Nxb3 Bb7 15. Bd4 Bc6 16. Qf2 Rab8 17. Nc1 Rfd8 18. Nd3 e5 19. Ba7 Rb7 {0-1 (75) Dukaczewski,P (2285)-Meister,J (2480) Berlin 2009}) 13. Qf2 b5 14. Kh1 (14. a3 $11) 14... Bb7 15. Rd2 (15. Qg3 $11) 15... d5 16. exd5 Nxd5 (16... b4 $17 17. Na4 Nxb3 18. Nxb3 Nxd5) 17. Bxd5 $11 Bxd5 18. Rad1 (18. Nf5 $5 Bf8 19. Nxd5 Rxd5 20. Rxd5 exd5 21. Rd1 $11) 18... Rac8 {[#]} ({Better is} 18... b4 $15 19. Nf5 bxc3 20. Nxe7+ Qxe7 21. Bxc5 Qe8 22. bxc3 Bxa2) 19. a3 (19. Nf5 $1 $11) 19... Bf6 ({Black should play} 19... Ba8 $15) 20. Nde2 $14 {[%cal Rc3d5]} Qc6 21. Nxd5 (21. Bd4 {looks sharper.} Nd7 22. Nxd5 exd5 23. c3 Re8 24. Ba7) 21... Rxd5 22. Rxd5 exd5 23. c3 Ne6 24. Nd4 Nxd4 25. Bxd4 Bxd4 26. Qxd4 $11 {[%mdl 4096] Endgame KQR-KQR} Rd8 (26... Re8 {seems wilder.} 27. h4 Re2 28. Qxd5 Qxd5 29. Rxd5 Kf8) 27. b3 (27. h3 {feels hotter.} h6 28. a4 Rb8 29. Qe5 Rd8 30. axb5 Qxb5 31. Rd2) 27... Qf6 (27... Rf8 {is interesting.} 28. h3 h6 29. Rd3 Rc8 30. Qe5 Qe6) 28. Qxf6 gxf6 {KR-KR} 29. Kg1 Kf8 30. Kf2 (30. c4 $5) 30... Ke7 31. Ke3 Ke6 (31... Rc8 $14) 32. Rd2 (32. Rd4 $16) 32... Rc8 $14 33. Kd4 Kd6 34. Re2 a5 35. g3 b4 (35... a4 $11 {keeps the balance.}) 36. cxb4 axb4 37. axb4 {Strongly threatening Ra2.} Rb8 38. Ra2 {aiming for Ra6+.} Rxb4+ 39. Kc3 Rb7 40. f4 f5 41. Ra6+ Kc5 42. Rf6 d4+ 43. Kc2 Rd7 $2 {[%mdl 8192] A mistake that costs the game.} (43... Kd5 $16 {is a better chance.}) 44. Rxf5+ $18 Kb4 {[#]} 45. Kd3 $1 Kxb3 46. Rb5+ Ka4 47. Rb8 Re7 $2 (47... Ka5 48. Rh8 f6) 48. Kxd4 {White is clearly winning.} Re2 (48... h5 $142 49. Rh8 Kb5 50. Rxh5+ Kc6) 49. h4 Rg2 50. Rg8 Kb4 51. Ke5 Kc5 52. Kf6 Kd6 53. Kxf7 Ra2 54. Kg7 Ra7+ 55. Kh6 Ke6 56. Rg7 {Weighted Error Value: White=0.24/Black=0.53} 1-0

[Event "African Online-ch U20-Open 2021"]
[Site "Online"]
[Date "2021.02.01"]
[Round "3.10"]
[White "Oosthuizen, Michal Jacobus"]
[Black "Khumalo, Keith"]
[Result "0-1"]
[WhiteElo "1920"]
[BlackElo "2142"]
[Annotator "TA"]
[PlyCount "148"]
[EventDate "2021.02.01"]
[EventType "swiss"]
[EventCountry "NET"]
[SourceTitle "playchess.com"]
[Source "ChessBase"]
[SourceQuality "1"]

{[%evp 21,148,-5,-8,-19,-20,-14,-20,-11,-16,-34,-34,-20,-35,-25,-25,-36,-37,-28,-32,-32,-39,-26,-24,-47,-29,-36,-24,-174,-162,-150,-159,-187,-197,-238,-198,-194,-168,-173,-171,-189,0,-169,0,-179,-120,-239,-226,-292,-261,-555,-554,-708,-593,-585,-570,-621,-629,-699,-595,-618,-613,-604,-602,-603,-571,-739,-602,-795,-779,-788,-779,-738,-654,-641,-575,-737,-712,-705,-706,-1029,-675,-1029,-1029,-1180,-1212,-29979,-29980,-29976,-5622,-5622,-4822,-2126,-2908,-1907,-1827,-6275,-937,-751,-678,-1472,-1126,-4670,-4706,-2399,-2199,-2109,-2121,-5031,-5039,-2865,-2508,-29970,-29968,-29981,-29982,-29982,-29982,-29978,-29979,-29977,-29978,-29985,-29986,-29986,-29987,-29987,-29987,-29987,-29988]} 1. Nf3 d5 2. c4 e6 3. d4 Nf6 4. Bg5 Be7 5. e3 O-O 6. Nc3 Nbd7 7. Bd3 dxc4 8. Bxc4 a6 9. O-O b5 10. Be2 c5 11. dxc5 Nxc5 12. Nd4 {D53: Queen's Gambit Declined: 4 Bg5 Be7: Early deviations.} Bb7 13. Bf3 {Strongly threatening Bxb7.} Qb6 14. Bxb7 {The position is equal.} Qxb7 {[#]} 15. Qf3 $146 ({Predecessor:} 15. Qe2 b4 16. Nd1 h6 17. Bh4 Qe4 18. Bg3 Rac8 19. f3 Qd3 20. Nf2 Qxe2 21. Nxe2 {0-1 (37) Mermer,Y (1507)-Kansal,C (1774) Antalya 2018}) 15... Qxf3 16. gxf3 Rac8 17. Rfd1 h6 18. Bh4 b4 19. Nce2 Na4 20. Rab1 Rfd8 (20... g5 $5 21. Bg3 $8 Rfd8 $11) 21. f4 Kf8 22. f3 Rc7 23. Kf2 Rdc8 (23... a5 {keeps more tension.} 24. Rd2 Nb6 25. Rbd1 Rcc8 26. b3 Nbd5) 24. e4 {[#]} (24. Kg1 $11) 24... Nxe4+ $1 $19 {[%mdl 576] Discovered Attack} 25. fxe4 {Bg3 is the strong threat.} Bxh4+ 26. Ke3 Be7 27. Ng3 Bc5 28. Kf3 Ba7 29. e5 Rc4 30. Nge2 R4c7 31. Ng3 $1 Rc4 32. Nge2 {intending b3.} Nb6 (32... Ke8 $19 33. Nb3 (33. b3 Rxd4 34. Rxd4 Nc3 $17) 33... Rc2) 33. a3 (33. Rdc1 $17 {is a better defense.}) 33... Nd5 34. axb4 Rxb4 35. Ra1 $2 (35. b3) 35... Rcc4 36. Nf5 Rxf4+ 37. Nxf4 Rxf4+ {[%mdl 64] [#] Double Attack} 38. Kg3 {Black must now prevent Rxd5!} Rxf5 39. Rxa6 Be3 40. Rb1 Rxe5 41. b4 Bf4+ 42. Kf2 g5 43. h3 Nc3 44. Rba1 Re2+ 45. Kf1 Rh2 46. R1a3 Nb5 47. Rd3 Rb2 48. Rd8+ Kg7 49. Rd7 Kf6 50. Rb7 Nc3 51. Raa7 Nd5 52. Rxf7+ Ke5 53. Rh7 Ne3+ 54. Kg1 Bh2+ (54... Nf5 $142 55. Kf1 Be3 56. Ra5+ Ke4 57. Rxf5 exf5 58. Rf7 Kf3 59. Rxf5+ Bf4 60. Rxf4+ gxf4 61. Ke1 Ke3 62. Kf1 f3 63. Kg1 Rxb4 64. Kh1 Kf2 65. Kh2 Rh4 66. Kh1 Rxh3#) 55. Kh1 Bg3 {[%cal Rb2b1]} 56. Ra1 Nf5 57. Rc7 Bf4 {( -> ...Ng3+)} 58. Rc5+ Kf6 (58... Ke4 $142 59. Ra3 Ng3+ 60. Kg1 Be3+ 61. Rxe3+ Kxe3) 59. Ra3 Rxb4 60. Kg2 Rb2+ 61. Kf3 Nh4+ 62. Ke4 Re2+ 63. Kd4 Nf5+ 64. Kc4 Bd6 65. Rxf5+ Kxf5 {[%mdl 4096] Endgame KRB-KR} 66. Rf3+ Bf4 {Black mates.} 67. Kd3 Rd2+ 68. Kc3 Rd5 69. Kc4 h5 70. Rf1 g4 71. hxg4+ hxg4 72. Re1 g3 73. Rg1 Rd2 74. Kc3 g2 {Weighted Error Value: White=0.42/Black=0.29} 0-1

[Event "African Online-ch U20-Open 2021"]
[Site "Online"]
[Date "2021.02.01"]
[Round "3.11"]
[White "Elayeb, Med Yessine"]
[Black "Ben Abbes, Ayoub"]
[Result "1-0"]
[WhiteElo "1666"]
[BlackElo "1481"]
[Annotator "NA RC"]
[PlyCount "59"]
[EventDate "2021.02.01"]
[EventType "swiss"]
[EventCountry "NET"]
[SourceTitle "playchess.com"]
[Source "ChessBase"]
[SourceQuality "1"]
[TimeControl "1500+10"]

1. Nf3 {[%emt 0:00:00]} d5 {[%emt 0:00:11]} 2. g3 {[%emt 0:00:04]} Nf6 {[%emt 0:00:21]} 3. Bg2 {[%emt 0:00:01]} Bf5 {[%emt 0:00:10]} 4. c4 {[%emt 0:01:09]} e6 {[%emt 0:01:09]} 5. Qb3 {[%emt 0:01:39]} Qc8 {[%emt 0:02:02]} 6. Nc3 {[%emt 0:01:28]} dxc4 {[%emt 0:01:20]} 7. Qxc4 {[%emt 0:00:45]} Be7 {[%emt 0:00:50]} 8. e4 {[%emt 0:02:58]} Bg4 {[%emt 0:00:15]} 9. e5 {[%emt 0:01:45]} Bxf3 {[%emt 0:00:13]} 10. Bxf3 {[%emt 0:00:02]} Nfd7 {[%emt 0:00:10]} 11. d4 {[%emt 0:00:26]} c6 {[%emt 0:00:19]} 12. O-O {[%emt 0:00:36]} Nb6 {[%emt 0:00:16]} 13. Qb3 {[%emt 0:00:53]} Na6 {[%emt 0:00:13]} 14. Be3 {[%emt 0:01:05]} Nc7 {[%emt 0:00:06]} 15. h4 {[%emt 0:00:15]} Ncd5 {[%emt 0:00:14]} 16. h5 {[%emt 0:00:19]} Qd7 {[%emt 0:00:31]} 17. Ne4 {[%emt 0:00:51]} O-O {[%emt 0:01:58]} 18. h6 {[%emt 0:00:23]} g6 {[%emt 0:01:21]} 19. g4 {[%emt 0:01:59]} Rfd8 {[%emt 0:00:14]} 20. Rfd1 {[%emt 0:00:40]} Qe8 {[%emt 0:00:26]} 21. Bg5 {[%emt 0:02:10]} Bf6 {[%emt 0:03:18]} 22. Bxf6 {[%emt 0:00:18]} Rd7 {[%emt 0:00:07]} 23. Nd6 {[%emt 0:00:18]} Rxd6 {[%emt 0:00:22]} 24. exd6 {[%emt 0:00:18]} Nxf6 {[%emt 0:00:06]} 25. a4 {[%emt 0:00:21]} Rb8 {[%emt 0:00:27]} 26. a5 {[%emt 0:00:07]} Nbd5 {[%emt 0:00:12]} 27. g5 {[%emt 0:00:22]} Nd7 {[%emt 0:00:10]} 28. Bxd5 {[%emt 0:00:06]} exd5 {[%emt 0:00:10]} 29. Re1 {[%emt 0:00:28]} Qf8 {[%emt 0:00:09]} 30. Re7 {[%emt 0:00:18]} 1-0